000 01223cam a2200217 4500
001 ABS65126
008 020306n2002 000 0 eng u
035 _a(Sirsi) u117020
100 _aOghigian, H.
245 _aMaking mediation/arbitration hybrid work: a personal experience
260 _c2002
490 _aAsian Dispute Resolution
_v January 2002, 82-84(3)
520 _aLooks at the process of mediation/arbitration from the standpoint of personal experience. Points out that the process was more effective once they were relieved of the duties and responsibilities of arbitrator, so that as mediator they could, by agreement and voluntarily, bring out the interests and weaknesses of the parties in order to expand the dialogue and achieve settlement.
590 _aABS
650 _aMANAGEMENT-DISPUTE AVOIDANCE, MANAGEMENT AND RESOLUTION-DISPUTE MANAGEMENT AND RESOLUTION-ARBITRATION
650 _aMEDIATION
650 _aMANAGEMENT-DISPUTE AVOIDANCE, MANAGEMENT AND RESOLUTION-DISPUTE MANAGEMENT AND RESOLUTION-ALTERNATIVE DISPUTE RESOLUTION-ADJUDICATION
650 _aGLENCOT DEVELOPMENT AND DESIGN CO LTD V BEN BARRETT AND SON (CONTRACTORS) LTD
690 _aDispute resolution
_96236
942 _n0
999 _c69710
_d69710